| 000 | 00856nab a2200277 4500 | ||
|---|---|---|---|
| 003 | BR-BrBNA | ||
| 005 | 20240520154835.0 | ||
| 008 | 240520b bl.||||| |||| 00| 0 por d | ||
| 040 |
_aBR-BrBNA _bpor |
||
| 072 | _aH10 ; H01 | ||
| 100 | _aBenvenga, Sérgio Roberto | ||
| 100 | _aGravena, Santin | ||
| 100 | _aSilva, José Luiz | ||
| 245 |
_aOs amigos naturais dos pomares _bManejo de Pragas |
||
| 500 | _a33 illus. | ||
| 650 | _aCITRICULTURA | ||
| 650 | _aPOMAR | ||
| 650 | _aPRAGA | ||
| 650 | _aINIMIGO NATURAL | ||
| 650 | _aPREDADOR | ||
| 650 | _aPARASITA | ||
| 650 | _aFUNGO | ||
| 773 | 0 |
_04769 _9314632 _dBebedouro - SP Grupo Técnico de Assistência e Consultoria em Citrus 2001 _o2024-0884 _tCiência e Pratica (Brazil) _gv. 7(25) p. 22-26; (Apr-Jun 2007) _wBR2024001198 |
|
| 942 | _cAnalítica | ||
| 999 |
_c299686 _d299686 |
||